000 00300nam a22001457a 4500
008 230529b ||||| |||| 00| 0 eng d
020 _a85461981
041 _aFRA
080 _a82
082 _a82BOV
100 _a38
101 _aGJL
245 _aMADAME BOVARY
_cFLAUBERT.G
942 _2udc
_cBK
999 _c59864
_d59864